| 000 | 04399cam a22012134i 4500 | ||
|---|---|---|---|
| 003 | PE-LiUPU | ||
| 005 | 20250813185531.0 | ||
| 008 | 150625s r 000 0 d | ||
| 020 | _a9786034538207 | ||
| 035 | _a(Sirsi) i9786034538207 | ||
| 040 |
_aPE-LiUPU _bspa _cPE-LiUPU _erda |
||
| 049 | _aPRUA | ||
| 082 | 0 | 4 |
_a378.16808 _bC _221 |
| 245 | 0 | 0 |
_aCrédito educativo : _bexperiencias internacionales y desafíos futuros en América Latina / _cUniversa Perú S.A. |
| 264 | 1 |
_aLima : _bUniversia Perú, _c2009. |
|
| 300 |
_a213 páginas : _bilustraciones ; _c24 centímetros |
||
| 336 |
_atext _2rdacontent |
||
| 337 |
_aunmediated _2rdamedia |
||
| 338 |
_avolume _2rdacarrier |
||
| 505 | 0 | _aCrédito educativo y reforma de la educación superior en América Latina y Caribe. -Contribución de la educación superior en el desarrollo de América Latina. -Educación superior en América Latina, reforma y crédito educativo. -Reforma de la educación superior y crédito educativo en América Latina y el Caribe. -Comparación de programas de crédito educativo en América Latina y otros países: indicadores clave. -Experiencia de los países de la organización para la cooperación y el desarrollo económico. -Los programas de crédito educativo en los Estados Unidos. -El papel del sector público en el apoyo financiero educativo y la administración de la cartera de crédito federal en el Canadá. -Crédito educativo contingente de ingresos: la experiencia del Reino Unido. -El programa Australiano de Crédito para la educación superior. -Perspectivas de crédito educativo en América Latina. -Una visión panorámica del crédito educativo en América Latina. -Avances y perspectivas del financiamiento de la educación superior en Chile. -Educación superior de calidad internacional al alcance de todos: TECSUP, Perú. -Apoyo financiero a estudiantes en la Universidad de los Andes, Colombia. -El Banco Santander y el crédito educativo en América Latina. | |
| 526 | _aP202 | ||
| 526 | _aP201 | ||
| 526 | _aP163 | ||
| 526 | _aP162 | ||
| 526 | _aP161 | ||
| 526 | _aP160 | ||
| 526 | _aP148 | ||
| 526 | _aP147 | ||
| 526 | _aP146 | ||
| 526 | _aP145 | ||
| 526 | _aP144 | ||
| 526 | _aP143 | ||
| 526 | _aP142 | ||
| 526 | _aP141 | ||
| 526 | _aP140 | ||
| 526 | _aP139 | ||
| 526 | _aP138 | ||
| 526 | _aP137 | ||
| 526 | _aP136 | ||
| 526 | _aP135 | ||
| 526 | _aP134 | ||
| 526 | _aP133 | ||
| 526 | _aP129 | ||
| 526 | _aP128 | ||
| 526 | _aP127 | ||
| 526 | _aP120 | ||
| 526 | _aP119 | ||
| 526 | _aP118 | ||
| 526 | _aP116 | ||
| 526 | _aP115 | ||
| 526 | _aP114 | ||
| 526 | _aP110 | ||
| 526 | _aP109 | ||
| 526 | _aP108 | ||
| 526 | _aP104 | ||
| 526 | _aP103 | ||
| 526 | _aP102 | ||
| 526 | _aP99 | ||
| 526 | _aP98 | ||
| 526 | _aP97 | ||
| 526 | _aP96 | ||
| 526 | _aP95 | ||
| 526 | _aP93 | ||
| 526 | _aP90 | ||
| 526 | _aP89 | ||
| 526 | _aP88 | ||
| 526 | _aP83 | ||
| 526 | _aP82 | ||
| 526 | _aP62 | ||
| 526 | _aP59 | ||
| 526 | _aP58 | ||
| 526 | _aP57 | ||
| 526 | _aP51 | ||
| 526 | _aP49 | ||
| 526 | _aP48 | ||
| 526 | _aP47 | ||
| 526 | _aP29 | ||
| 526 | _aP24 | ||
| 526 | _aP20 | ||
| 526 | _aP19 | ||
| 526 | _aP17 | ||
| 526 | _aP15 | ||
| 526 | _aP14 | ||
| 526 | _aP12 | ||
| 526 | _aP10 | ||
| 526 | _aP09 | ||
| 526 | _aP08 | ||
| 526 | _aP07 | ||
| 526 | _aP06 | ||
| 526 | _aP05 | ||
| 526 | _aP04 | ||
| 526 | _aP01 | ||
| 650 | 0 | 4 |
_aCrédito educativo _zAmérica Latina. |
| 942 |
_2ddc _cBOOK |
||
| 949 |
_a378.168.08 C _wDEWEY _c1 _i62660 _lCCODEBUL1 _mBUL _p18.00 _r0 _sY _tBOOK _u2015-6-25 _xEDUCACION _zUNKNOWN _0COMPRA _o.STAFF. Colección General |
||
| 949 |
_a378.168.08 C _wDEWEY _c2 _i58020 _lCCODEBUL1 _mBUL _r0 _sY _tBOOK _u2015-6-25 _xEDUCACION _zUNKNOWN _0COMPRA _o.STAFF. Colección General |
||
| 949 |
_a378.168.08 C _wDEWEY _c3 _i62658 _lCCODEBUL1 _mBUL _p18.00 _r0 _sY _tBOOK _u2015-6-25 _xEDUCACION _zUNKNOWN _0COMPRA _o.STAFF. Colección General |
||
| 949 |
_a378.168.08 C _wDEWEY _c4 _i62659 _lCCODEBUL1 _mBUL _p18.00 _r0 _sY _tBOOK _u2015-6-25 _xEDUCACION _zUNKNOWN _0COMPRA _o.STAFF. Colección General |
||
| 999 |
_c46986 _d46986 |
||
| 980 |
_81 _gALBERTO SANCHEZ Responsable de Automatización |
||